000 01509cab a2200325 4500
001 ABS53300
008 090401t1995 xxu||||| |||| 00| 0 eng d
035 _a(Sirsi) u3368
041 _aeng
245 _aHarborough DC and C Walton Ltd and C Walton and Walon Ltd
260 _c1995
350 _a0
490 _aPlanning Appeal Decisions
_v(1995) 10 PAD 373-380(8)
520 _aDecision letter 7 February 1995. Former service airfield used for parking and storage of motor vehicles - vehicles brought and taken from appeals sites on car transporters - apppellants sought removal of conditions imposing restrictions on hours of operation and number of car transporters - substantial local opposition to removal of conditions imposing restrictions - planning permissions limited to expire in January 1996 - Inspector allows apeals subject ti strict control of numbers of movements and hours of operation - Inspector`s power to vary terms of planning permissions.
650 _aCAR PARKING
650 _aCAR TRANSPORTERS
650 _aDOE CIRCULAR 01/1985
650 _aPPG1
650 _aPLANNING POLICY GUIDANCE NOTE 13
650 _aPPG24
650 _aPPG4
650 _aPPG7
650 _aTOWN AND COUNTRY PLANNING ACT 1971 S52
650 _aTOWN AND COUNTRY PLANNING ACT 1990 S106
650 _aTOWN AND COUNTRY PLANNING ACT 1990 S78
650 _aTOWN AND COUNTRY PLANNING ACT 1990 S79(1)
690 _aPLANNING LAW AND PRACTICE-CASE LAW
942 _n0
948 _c04/03/1997
999 _c2065
_d2065